000 01041nam a2200265 a 4500
001 77538
003 BD-RjUL
005 20211209083001.0
008 201117s1991 bg a|||| |||| 00| 0 eng d
035 _a(BD-RjUL)77763
040 _aBD-RjUL
_beng
_cBD-RjUL
041 _aeng
082 _223
_a006.35
_bAIC 1991
100 _aAidelkhani, Jabbar
_9241964
245 1 0 _aComputer communication of Bangla text /
_cby Jabbar Aidelkhani;
_6Supervisor: Ramesh Chandra (R. C. ) Dabnath
260 _aRajshahi :
_bDept. of Applied Physics and Electronics, R. U. ,
_c1991
300 _a[10],113 leaves :
_bill,
_c29 cm.
502 _aThesis (Ph. D.) -- Dept. of Applied Physics and Electronics, R. U. , 1991
504 _aReferences: Leaves 110-113
650 _aComputational Linguistics
_9241969
650 _aArtificial Intelligence
_9241970
650 _aNatural language processing (Computer science)
_9241971
700 _aDabnath, Ramesh Chandra (R. C. ), Supervisor
_9241966
942 _2ddc
_cTHE
999 _c77538
_d77538